A porta no chão (Record no. 43823)

MARC details
000 -Etiqueta do registo
Valores 00425nam a2200169 4500
100 ## - Dados gerais de processamento
Dados gerais 20241108 pory50
101 ## - Língua de publicação
Língua por
-- ing
102 ## - País de publicação
País PT
200 ## - Titulo e menção de responsabilidade
Título próprio A porta no chão
Primeira menção de responsabilidade reliz. Tod Williams
Outras menções de responsabilidade act.s: Jeff Bridges , Kim Basinger ... [et al.]
210 ## - Publicação
Nome do editor Prisvideo
Data de publicação [d. reg 2005]
215 ## - Descrição física 
Paginação / Volumes 1 DVD
300 ## - Notas gerais 
Texto da nota M/16
675 ## - CDU
Notação 82-312.4
801 ## - Fonte de origem
País PT
Regras de catalogação RPC
990 ## - Elementos KOHA
Tipo de documento Filme DVD
Holdings
Aquisição Empréstimo Código de barras Cota Permissão de empréstimo Tipo de documento Nota relativa ao exemplar
Biblioteca Escolar Doutor Hernâni Cidade Biblioteca Escolar Doutor Hernâni Cidade 80522 THR WIL   Filme DVD 258 thriller sobre «complexidade do amor»

Powered by Koha